[Event "SVK-chT2D 1819"]
[Site "Slovakia"]
[Date "2019.03.03"]
[Round "9.7"]
[White "Zido, Peter"]
[Black "Stromp, Julius"]
[Result "1/2-1/2"]
[WhiteElo "1923"]
[BlackElo "1993"]
[PlyCount "64"]
[EventDate "2018.10.13"]
[EventType "team-tourn"]
[EventRounds "11"]
[EventCountry "SVK"]
[SourceTitle "CBM 189 Extra"]
[Source "ChessBase"]
[SourceDate "2019.06.03"]
[SourceVersion "1"]
[SourceVersionDate "2019.06.03"]
[SourceQuality "1"]
[WhiteTeam "Humenne Reinter"]
[BlackTeam "Spisska Nova Ves"]
[WhiteTeamCountry "SVK"]
[BlackTeamCountry "SVK"]

1. e4 e5 2. Nf3 d6 3. Bc4 c6 4. 0-0 Bg4 5. d3 Be7 6. c3 Nd7 7. Nbd2 Ngf6 8. Re1 0-0 9. h3 Bh5 10. Nf1 d5 11. Bb3 dxe4 12. dxe4 Qc7 13. Ng3 Nc5 14. Nxh5 Nxh5 15. Bc2 Rad8 16. Qe2 Ne6 17. g3 Bc5 18. Kg2 Rfe8 19. Ng5 Nf6 20. b4 Bb6 21. Bb3 Nxg5 22. Bxg5 Qe7 23. Rad1 h6 24. Bc1 Rxd1 25. Rxd1 Rd8 26. Qf3 Rxd1 27. Bxd1 Nd7 28. Bb3 Qf6 29. Qe2 Nf8 30. a4 a6 31. f3 Ne6 32. Be3 Bxe3 1/2-1/2

[Event "SVK-chT2D 1819"]
[Site "Slovakia"]
[Date "2019.03.02"]
[Round "8.6"]
[White "Zido, Peter"]
[Black "Janov, Marian"]
[Result "1-0"]
[WhiteElo "1923"]
[BlackElo "1909"]
[PlyCount "82"]
[EventDate "2018.10.13"]
[EventType "team-tourn"]
[EventRounds "11"]
[EventCountry "SVK"]
[SourceTitle "CBM 189 Extra"]
[Source "ChessBase"]
[SourceDate "2019.06.03"]
[SourceVersion "1"]
[SourceVersionDate "2019.06.03"]
[SourceQuality "1"]
[WhiteTeam "Humenne Reinter"]
[BlackTeam "Poprad LS VD"]
[WhiteTeamCountry "SVK"]
[BlackTeamCountry "SVK"]

1. e4 c5 2. Nf3 d6 3. b3 Nf6 4. Nc3 g6 5. Bb2 Bg7 6. Rb1 a6 7. Be2 0-0 8. 0-0 Nc6 9. Re1 b5 10. d3 Bb7 11. Bf1 e6 12. Ne2 Qc7 13. Ng3 Rad8 14. c4 b4 15. d4 Nxd4 16. Nxd4 cxd4 17. Bxd4 a5 18. Rc1 Rfe8 19. Qd2 h5 20. Bxf6 Bxf6 21. Nxh5 gxh5 22. Qh6 Bg7 23. Qxh5 Qc5 24. Qg4 f5 25. exf5 Qxf5 26. Qg3 Rf8 27. Bd3 Qf6 28. Re2 e5 29. Rce1 Qf4 30. Qh3 Rf6 31. Bh7+ Kf8 32. Qd3 Rh6 33. h3 Rd7 34. c5 Qd4 35. Qxd4 exd4 36. Re8+ Kf7 37. Bg8+ Kf6 38. R1e6+ Kf5 39. Rxh6 Bxh6 40. Be6+ Kf4 41. g3+ Kg5 1-0

[Event "SVK-chT2D 1718"]
[Site "Slovakia"]
[Date "2018.03.17"]
[Round "10.5"]
[White "Belus, Benjamin"]
[Black "Zido, Peter"]
[Result "0-1"]
[WhiteElo "1860"]
[BlackElo "1922"]
[PlyCount "94"]
[EventDate "2017.10.28"]
[EventType "team-tourn"]
[EventRounds "11"]
[EventCountry "SVK"]
[SourceTitle "EXT 2020"]
[Source "ChessBase"]
[SourceDate "2019.10.17"]
[SourceVersion "1"]
[SourceVersionDate "2019.10.17"]
[SourceQuality "1"]
[WhiteTeam "Gelnica Slovan"]
[BlackTeam "Humenne Reinter"]
[WhiteTeamCountry "SVK"]
[BlackTeamCountry "SVK"]

1. Nf3 d5 2. g3 Nf6 3. Bg2 g6 4. 0-0 Bg7 5. c4 0-0 6. cxd5 Nxd5 7. Nc3 c6 8. Qb3 Nxc3 9. bxc3 Qc7 10. d4 Nd7 11. e4 b5 12. a4 a5 13. Ba3 Re8 14. e5 bxa4 15. Qxa4 Nb6 16. Qd1 Ba6 17. Re1 Nd5 18. Qd2 Bc4 19. Reb1 Reb8 20. Ne1 Rb3 21. Rxb3 Bxb3 22. Nc2 a4 23. Ne3 e6 24. Rc1 Qa5 25. Qd3 Bf8 26. Bxf8 Rxf8 27. c4 Qa6 28. Bf1 Nb4 29. Qd2 Na2 30. Ra1 Rb8 31. Rxa2 Bxa2 32. Qxa2 Qa7 33. c5 h5 34. Be2 Rb4 35. Nc2 Rb8 36. Qa1 Qa5 37. Bd1 Qd2 38. Kg2 Qd3 39. Ne3 a3 40. Bc2 Qa6 41. Bb1 Rb2 42. Nd1 Rd2 43. Be4 Qe2 44. Bf3 Rxd1 45. Bxe2 Rxa1 46. Bf3 Rc1 47. Bxc6 a2 0-1

[Event "SVK-chT2D 1617"]
[Site "Slovakia"]
[Date "2017.03.12"]
[Round "11.7"]
[White "Andras, Anton"]
[Black "Zido, Peter"]
[Result "1/2-1/2"]
[WhiteElo "1571"]
[BlackElo "1931"]
[PlyCount "66"]
[EventDate "2016.10.08"]
[EventType "team-tourn"]
[EventRounds "11"]
[EventCountry "SVK"]
[SourceTitle "EXT 2019"]
[Source "ChessBase"]
[SourceDate "2018.10.10"]
[SourceVersion "1"]
[SourceVersionDate "2018.10.10"]
[SourceQuality "1"]
[WhiteTeam "Kosice Slavia UPJS III"]
[BlackTeam "Humenne Reinter II"]
[WhiteTeamCountry "SVK"]
[BlackTeamCountry "SVK"]

1. e4 e5 2. Nf3 Nc6 3. Bc4 Bc5 4. c3 d6 5. 0-0 Nf6 6. d3 0-0 7. Nbd2 a6 8. Bb3 Bg4 9. h3 Bh5 10. Re1 Qd7 11. Nf1 Na5 12. Bc2 Ba7 13. Bg5 Bg6 14. Ng3 c5 15. Nh4 Ne8 16. Nhf5 f6 17. Be3 b5 18. Qg4 Kh8 19. h4 Bxf5 20. exf5 d5 21. h5 Nc6 22. a4 b4 23. a5 Nd6 24. Ba4 Nb5 25. c4 Nbd4 26. Bxd4 cxd4 27. cxd5 Qxd5 28. Bxc6 Qxc6 29. Rec1 Qb7 30. Rc4 Rfc8 31. Rac1 Rxc4 32. Rxc4 Rg8 33. Ne4 Qe7 1/2-1/2

[Event "SVK-chT2D 1617"]
[Site "Slovakia"]
[Date "2017.03.11"]
[Round "10.7"]
[White "Zido, Peter"]
[Black "Popovic, Martin"]
[Result "1-0"]
[WhiteElo "1931"]
[BlackElo "1925"]
[PlyCount "81"]
[EventDate "2016.10.08"]
[EventType "team-tourn"]
[EventRounds "11"]
[EventCountry "SVK"]
[SourceTitle "EXT 2019"]
[Source "ChessBase"]
[SourceDate "2018.10.10"]
[SourceVersion "1"]
[SourceVersionDate "2018.10.10"]
[SourceQuality "1"]
[WhiteTeam "Humenne Reinter II"]
[BlackTeam "Kosice Slavia TU IV"]
[WhiteTeamCountry "SVK"]
[BlackTeamCountry "SVK"]

1. e4 c5 2. Nf3 Nc6 3. b3 e6 4. Bb2 Nf6 5. Nc3 d5 6. exd5 exd5 7. Bb5 Qc7 8. 0-0 Be7 9. d4 a6 10. Bxc6+ bxc6 11. Re1 cxd4 12. Qxd4 0-0 13. h3 Bb7 14. Na4 c5 15. Qd3 Rad8 16. Ng5 Ne4 17. Nxe4 dxe4 18. Qe2 Qf4 19. Rad1 Bd6 20. g3 Qg5 21. Bc1 Qg6 22. Be3 Qf5 23. Kh2 Bc8 24. Qf1 Rfe8 25. Nb6 Be6 26. c4 Be5 27. Nd5 Bxd5 28. Rxd5 Rxd5 29. cxd5 Bd4 30. Qe2 Qxd5 31. Qxa6 Ra8 32. Qb5 Rd8 33. a4 Bxe3 34. Rxe3 f5 35. Qe2 Rb8 36. Qc2 Rb4 37. Rc3 g6 38. Rxc5 Qxb3 39. Rc8+ Kg7 40. Qc7+ Kh6 41. Rh8 1-0

[Event "SVK-chT2D 1617"]
[Site "Slovakia"]
[Date "2016.11.05"]
[Round "3.4"]
[White "Zido, Peter"]
[Black "Timko, Milan"]
[Result "1/2-1/2"]
[WhiteElo "1931"]
[BlackElo "2053"]
[PlyCount "43"]
[EventDate "2016.10.08"]
[EventType "team-tourn"]
[EventRounds "11"]
[EventCountry "SVK"]
[SourceTitle "EXT 2018"]
[Source "ChessBase"]
[SourceDate "2017.10.13"]
[SourceVersion "1"]
[SourceVersionDate "2017.10.13"]
[SourceQuality "1"]
[WhiteTeam "Humenne Reinter II"]
[BlackTeam "Kosice 1 CC"]
[WhiteTeamCountry "SVK"]
[BlackTeamCountry "SVK"]

1. Nf3 Nf6 2. d4 g6 3. g3 Bg7 4. Bg2 0-0 5. 0-0 d6 6. b3 Nbd7 7. Bb2 c5 8. e3 Rb8 9. Nbd2 b6 10. Re1 Bb7 11. Rb1 Qc7 12. c4 Ne4 13. Qc2 Ndf6 14. d5 Nxd2 15. Nxd2 Bc8 16. e4 Bd7 17. Bc3 b5 18. Rbd1 b4 19. Ba1 a5 20. e5 Bf5 21. Qc1 Ne8 22. exd6 1/2-1/2

[Event "SVK-chT2D 1314"]
[Site "Slovakia"]
[Date "2014.02.01"]
[Round "7.5"]
[White "Zido, Peter"]
[Black "Balazs, Ladislav"]
[Result "0-1"]
[WhiteElo "1925"]
[BlackElo "1943"]
[PlyCount "114"]
[EventDate "2013.10.19"]
[EventType "team-tourn"]
[EventRounds "11"]
[EventCountry "SVK"]
[SourceTitle "EXT 2015"]
[Source "ChessBase"]
[SourceDate "2014.11.20"]
[SourceVersion "1"]
[SourceVersionDate "2014.11.20"]
[SourceQuality "1"]
[WhiteTeam "Humenne II"]
[BlackTeam "Kosice Slavia TU IV"]
[WhiteTeamCountry "SVK"]
[BlackTeamCountry "SVK"]

1. e4 c5 2. b3 e5 3. Nf3 d6 4. Bb2 Nc6 5. Bb5 Be7 6. 0-0 f5 7. d3 f4 8. Nc3 a6 9. Bc4 Bg4 10. Bxg8 Rxg8 11. Nd5 Bf6 12. c3 Ne7 13. Nxe7 Qxe7 14. d4 0-0-0 15. Qd3 g5 16. h3 Bh5 17. Nh2 Qe6 18. d5 Qd7 19. f3 Be7 20. a4 Kb8 21. b4 Rc8 22. bxc5 Rxc5 23. Ba3 Rc7 24. Rfb1 Ka7 25. c4 Rgc8 26. Rc1 b6 27. Bb4 a5 28. Be1 Bg6 29. Bf2 Rb7 30. Qb3 h5 31. Rab1 Bd8 32. Qc3 Be8 33. Rb5 Ka6 34. Rb2 Qxa4 35. Qd3 Ka7 36. Rbb1 Kb8 37. Ra1 Qd7 38. Rcb1 Qc7 39. Rc1 b5 40. c5 dxc5 41. Bxc5 Qxc5+ 42. Rxc5 Rxc5 43. Rd1 b4 44. Nf1 Bb5 45. Qb1 Bb6 46. Kh2 g4 47. Nd2 Rc3 48. d6 Rd7 49. Nb3 a4 50. Nc1 b3 51. Qb2 Bd4 52. Qa3 gxf3 53. Qb4 Rb7 54. d7 Bxd7 55. Qd6+ Ka8 56. Nd3 fxg2 57. Nxe5 Rxh3+ 0-1

[Event "SVK-chT2D 1213"]
[Site "Slovakia"]
[Date "2013.02.17"]
[Round "9.8"]
[White "Kacir, Tomas"]
[Black "Zido, Peter"]
[Result "1/2-1/2"]
[WhiteElo "1571"]
[BlackElo "1937"]
[PlyCount "40"]
[EventDate "2012.10.13"]
[EventType "team-tourn"]
[EventRounds "11"]
[EventCountry "SVK"]
[SourceTitle "EXT 2015"]
[Source "ChessBase"]
[SourceDate "2014.11.20"]
[SourceVersion "1"]
[SourceVersionDate "2014.11.20"]
[SourceQuality "1"]
[WhiteTeam "Sabinov II"]
[BlackTeam "Humenne"]
[WhiteTeamCountry "SVK"]
[BlackTeamCountry "SVK"]

1. e4 e5 2. Nf3 Nc6 3. Bc4 Bc5 4. c3 Nf6 5. d4 exd4 6. cxd4 Bb4+ 7. Bd2 Bxd2+ 8. Nbxd2 d6 9. 0-0 0-0 10. Rc1 Bg4 11. Qc2 Bh5 12. Bb5 Bxf3 13. Nxf3 Rb8 14. Bxc6 bxc6 15. Qxc6 Rxb2 16. Rc2 Rxc2 17. Qxc2 Qd7 18. Rb1 c6 19. Nd2 Re8 20. f3 Rc8 1/2-1/2

[Event "SVK-chT2D 0607"]
[Site "Slovakia"]
[Date "2006.12.17"]
[Round "6.3"]
[White "Zido, Peter"]
[Black "Kontra, Miroslav"]
[Result "1-0"]
[WhiteElo "1910"]
[BlackElo "1770"]
[PlyCount "65"]
[EventDate "2006.10.14"]
[EventType "team-tourn"]
[EventRounds "11"]
[EventCountry "SVK"]
[SourceTitle "EXT 2008"]
[Source "ChessBase"]
[SourceDate "2007.11.25"]
[SourceVersion "1"]
[SourceVersionDate "2007.11.25"]
[SourceQuality "1"]
[WhiteTeam "Humenne Reinter"]
[BlackTeam "Michalovce Zemplin II"]
[WhiteTeamCountry "SVK"]
[BlackTeamCountry "SVK"]

1. e4 e5 2. Nf3 Nc6 3. Bb5 a6 4. Ba4 d6 5. c3 Bg4 6. 0-0 Nf6 7. Re1 Be7 8. d4 b5 9. Bc2 exd4 10. cxd4 0-0 11. Nc3 Re8 12. Ne2 Nh5 13. a3 Qd7 14. Qd3 g6 15. h3 Bxf3 16. Qxf3 Rad8 17. Bh6 d5 18. exd5 Na5 19. b4 Nc4 20. Nc3 Bf6 21. Rxe8+ Rxe8 22. g4 Bg7 23. Bxg7 Nxg7 24. Ne4 Rxe4 25. Qxe4 f5 26. Qg2 fxg4 27. hxg4 Qf7 28. a4 Nd2 29. Ra3 Ne8 30. axb5 axb5 31. Rd3 Qf4 32. Qg3 Qg5 33. f4 1-0